000 00542cam a22002051 4500
001 med47002333
003 DLC
005 20260227111605.0
008 810815s1941 xx a 000 0 fre
010 _amed47002333
035 _a(OCoLC)14721242
040 _aDLC
_cDNLM
_dDLC
042 _apremarc
050 0 0 _aRC661
_b.W3
060 0 _aWH 312
_bW215p 1941
100 1 _aWallois, Edmond.
245 1 4 _aLes purpuras inflammatoires;
_bnotes cliniques d'un praticien ...
260 _aParis,
_bDoin,
_c1941.
300 _a114 p., 1 l.
_bill.
999 _c38571
_d38571